Obras selectas de San Francisco de Sales. (Record no. 170789)

MARC details
000 -LEADER
campo de control de longitud fija 00866nam a2200205 i 4500
001 - NÚMERO DE CONTROL
campo de control 170789
003 - IDENTIFICADOR DE NÚMERO DE CONTROL
campo de control ES-MaACL
005 - FECHA Y HORA DE LA ÚLTIMA TRANSACCIÓN
campo de control 20250808062743.0
008 - DATOS DE LONGITUD FIJA--INFORMACIÓN GENERAL
campo de control de longitud fija 090406s1953 sp |||| | spa d
100 0# - ENTRADA PRINCIPAL--NOMBRE DE PERSONA
Nombre de persona Francisco de Sales
Títulos y otros términos asociados al nombre Santo.
9 (RLIN) 52194
245 10 - MENCIÓN DEL TÍTULO
Título Obras selectas de San Francisco de Sales.
Número de parte o sección de la obra I /
Mención de responsabilidad, etc. preparadas sobre la edición típica de las "Obras completas" de Annecy por Francisco de la Hoz.
260 ## - PUBLICACIÓN, DISTRIBUCIÓN, ETC.
Lugar de publicación, distribución, etc. Madrid :
Nombre del editor, distribuidor, etc. Editorial Católica,
Fecha de publicación, distribución, etc. 1953.
300 ## - DESCRIPCIÓN FÍSICA
Extensión XIX, 798 p. ;
Dimensiones 20 cm.
490 1# - MENCIÓN DE SERIE
Mención de serie Biblioteca de autores cristianos ;
Designación de volumen o secuencia 109
505 8# - NOTA DE CONTENIDO CON FORMATO
Nota de contenido con formato Contiene : Introducción a la vida devota ; Sermones escogidos ; Conversaciones espirituales ; Alocución al Cabildo Catedral de Ginebra
700 1# - ENTRADA AGREGADA--NOMBRE PERSONAL
Nombre de persona Hoz, Francisco de la.
9 (RLIN) 139744
830 10 - PUNTO DE ACCESO ADICIONAL DE SERIE-TÍTULO UNIFORME
Título uniforme Biblioteca de autores cristianos
Designación de volumen o secuencia 109
9 (RLIN) 178679
852 ## - LOCALIZACIÓN
Ubicación ES-MaACL
Número de control de estantería J-107
Holdings
Estatus retirado Estado de pérdida Estado de daño No para préstamo Biblioteca de origen Biblioteca actual Ubicación en estantería Fecha de adquisición Fuente de adquisición Total de préstamos Signatura topográfica completa Código de barras Visto por última vez Precio de reemplazo Tipo de ítem Koha
        Biblioteca del Ateneo de Madrid Biblioteca del Ateneo de Madrid Depósito 2 06/04/2009     J-107 1179243 23/02/2023 23/02/2023 Libro impreso